Arbeit mit Texten : Übungen für die Sprachprüfung an deutschen Hochschulen

Αποθηκεύτηκε σε:
Λεπτομέρειες βιβλιογραφικής εγγραφής
Κύριος συγγραφέας: Papp, Ingrid
Μορφή: Βιβλίο
Γλώσσα:German
Δημοσίευση: Stuttgart : E. Klett, c1976.
Θέματα:
Ετικέτες: Προσθήκη ετικέτας
Δεν υπάρχουν, Καταχωρήστε ετικέτα πρώτοι!

MARC

LEADER 00000nam a2200000 a 4500
001 1/125511
008 221018s1976####gw | ||| |||| ||ger||
020 |a 3125581001 
040 |a GR-MyUa  |b gre  |c GR-MyUa  |e AACR2 
041 0 |a ger 
082 7 |a 430   |2 (23) 
100 1 |a Papp, Ingrid. 
245 1 0 |a Arbeit mit Texten :   |b Übungen für die Sprachprüfung an deutschen Hochschulen /   |c von Ingrid Papp und Wolfgang Rug. 
260 |a Stuttgart :   |b E. Klett,   |c c1976.  
300 |a 128 σ. ;   |c 21 εκ.  
650 0 |a German language 
650 0 |a German language  |x Study and teaching. 
852 |a INST  |b RHODES  |e 20221018  |h 430 PAP  |p 005400043120  |q 005400043120  |t BK  |y 0 
970 |z 18-10-2022